[Event "MMK 2013 - OPEN"]
[Site "ul.Reymonta 22 - Krakow"]
[Date "2013.08.15"]
[Round "9.16"]
[White "Lopuszanski, Kamil"]
[Black "Adamowicz, Katarzyna"]
[Result "0-1"]
[WhiteElo "1879"]
[BlackElo "2112"]
[PlyCount "142"]
[EventDate "2013.??.??"]

1. d4 d5 2. c4 e6 3. Nf3 Nf6 4. Nc3 c6 5. e3 Bd6 6. Bd3 O-O 7. O-O Nbd7 8. Qc2
dxc4 9. Bxc4 e5 10. Bd2 Qe7 11. h3 h6 12. Nh4 Nb6 13. Ng6 Qc7 14. dxe5 Bxe5 15.
Bb3 Re8 16. Nxe5 Qxe5 17. Rad1 Bf5 18. Qc1 Bd3 19. Rfe1 Qf5 20. f3 Rad8 21. e4
Qh5 22. Be3 c5 23. Nb1 c4 24. Bc2 Qa5 25. Na3 Na4 26. Bxd3 cxd3 27. Qd2 Qa6 28.
b3 Nb6 29. Nb1 Nc8 30. Qb2 b5 31. Nd2 Ne7 32. Rc1 Rc8 33. a3 Nh5 34. Qe5 Nf6
35. Qb2 Ng6 36. g3 Qe6 37. Kg2 a6 38. Rxc8 Rxc8 39. Rc1 Rc6 40. Rxc6 Qxc6 41.
Nf1 Nd7 42. Qc1 Qc2+ 43. Qxc2 dxc2 44. Kf2 Nc5 45. b4 Nd3+ 46. Ke2 Nge5 47. Bd2
c1=Q 48. Bxc1 Nxc1+ 49. Kd2 Na2 50. f4 Nc4+ 51. Kc2 Kf8 52. g4 Ke7 53. Ng3 g6
54. Kb3 Nc1+ 55. Kc2 Nxa3+ 56. Kxc1 Nc4 57. Kc2 Kd7 58. Kc3 Kc6 59. Ne2 Kb6 60.
Kd4 a5 61. bxa5+ Kxa5 62. e5 Nb6 63. f5 gxf5 64. gxf5 b4 65. Kc5 b3 66. e6 fxe6
67. fxe6 b2 68. Nc3 Na4+ 69. Kc4 Nxc3 70. e7 Ne4 71. e8=Q Nd6+ 0-1

[Event "MMK 2013 - OPEN"]
[Site "ul.Reymonta 22 - Krakow"]
[Date "2013.08.15"]
[Round "9.17"]
[White "Mihopoulos, Konstantinos"]
[Black "Gawle, Ireneusz"]
[Result "1-0"]
[WhiteElo "2036"]
[BlackElo "1925"]
[PlyCount "41"]
[EventDate "2013.??.??"]

1. c4 Nf6 2. g3 g6 3. Bg2 Bg7 4. Nc3 O-O 5. e4 d6 6. Nge2 e5 7. O-O Nc6 8. d3
Be6 9. h3 Qd7 10. Kh2 h5 11. Nd5 h4 12. g4 Nh7 13. f4 f5 14. exf5 gxf5 15. g5
exf4 16. Nexf4 Be5 17. Kh1 Bxf4 18. Nxf4 Kg7 19. Qh5 Bg8 20. Qh6+ Kf7 21. g6+
1-0

[Event "MMK 2013 - OPEN"]
[Site "ul.Reymonta 22 - Krakow"]
[Date "2013.08.15"]
[Round "9.18"]
[White "Chmiel, Marcin"]
[Black "Zaboklicki, Zbigniew"]
[Result "1/2-1/2"]
[WhiteElo "2028"]
[BlackElo "1790"]
[PlyCount "69"]
[EventDate "2013.??.??"]

1. d4 Nf6 2. c4 e6 3. g3 d5 4. Nf3 Nbd7 5. Bg2 c6 6. Nbd2 Bd6 7. O-O O-O 8. Qc2
e5 9. dxe5 Nxe5 10. Nxe5 Bxe5 11. cxd5 cxd5 12. Nf3 Bd6 13. Be3 Be6 14. Rac1
Qd7 15. Rfd1 Rfc8 16. Qd2 Qa4 17. b3 Qa3 18. Bd4 Ne4 19. Qb2 Rxc1 20. Rxc1 Qxb2
21. Bxb2 Rc8 22. Nd4 Rxc1+ 23. Bxc1 Nc3 24. a4 Be5 25. Nxe6 Nxe2+ 26. Kf1 Nxc1
27. Nd8 Bc7 28. Nxb7 Nxb3 29. Bxd5 Nd4 30. Ke1 Kf8 31. Kd2 Ke7 32. Kd3 Nf5 33.
a5 Nd6 34. a6 Nb5 35. f3 1/2-1/2

[Event "MMK 2013 - OPEN"]
[Site "ul.Reymonta 22 - Krakow"]
[Date "2013.08.15"]
[Round "9.19"]
[White "Skomial, Mateusz"]
[Black "Low, Zhen Yu Cyrus"]
[Result "1-0"]
[WhiteElo "2014"]
[BlackElo "1769"]
[PlyCount "177"]
[EventDate "2013.??.??"]

1. e4 c5 2. Nf3 d6 3. c4 Bg4 4. Be2 Nc6 5. O-O g6 6. Nc3 Bg7 7. d3 Nf6 8. Ne1
Bxe2 9. Qxe2 Nd4 10. Qd1 O-O 11. Nc2 Nxc2 12. Qxc2 Rc8 13. Bg5 a6 14. Rae1 h6
15. Bh4 Nd7 16. f4 Bd4+ 17. Kh1 Nf6 18. Ne2 Ng4 19. Rf3 Qa5 20. Nxd4 cxd4 21.
Qe2 Qh5 22. Rh3 Nf6 23. Qf2 Qg4 24. Bxf6 exf6 25. Rg3 Qh5 26. Qxd4 Qa5 27. Rf1
Kg7 28. Qxd6 Rfd8 29. Qe7 Qb6 30. b3 Re8 31. Qd7 Rcd8 32. Qg4 Qa5 33. h4 Rg8
34. Qe2 Qc3 35. Qe3 Rd7 36. h5 Rgd8 37. Rd1 Qa5 38. Qf3 Qxa2 39. Qg4 g5 40. e5
Qb2 41. Qf5 Qe2 42. Qxf6+ Kh7 43. Rb1 Qxh5+ 44. Rh3 Qg6 45. fxg5 Qxf6 46. exf6
Kg6 47. gxh6 Rxd3 48. Rh4 R3d4 49. Rxd4 Rxd4 50. Re1 Rh4+ 51. Kg1 Kxf6 52. Rd1
Ke7 53. Re1+ Kf6 54. Re8 Rxh6 55. Rb8 Ke5 56. Rxb7 f5 57. Kf2 Rg6 58. Kf3 Rc6
59. Re7+ Kf6 60. Rd7 Rb6 61. Rd3 Ke5 62. Re3+ Kd4 63. Kf4 Rg6 64. Rg3 Rf6 65.
Rf3 Rf8 66. g3 Rf7 67. Rf1 Rg7 68. Rg1 Kc3 69. c5 Kxb3 70. Ke5 Kc4 71. Rc1+ Kb5
72. Kd6 Rg6+ 73. Kd5 Rxg3 74. c6 Rd3+ 75. Ke5 Re3+ 76. Kxf5 Rf3+ 77. Ke5 Re3+
78. Kd4 Re8 79. c7 Rc8 80. Kd5 a5 81. Rb1+ Ka4 82. Kc6 Ka3 83. Rb8 Rxc7+ 84.
Kxc7 a4 85. Kb6 Ka2 86. Ka5 a3 87. Kb4 Ka1 88. Kb3 a2 89. Rg8 1-0

[Event "MMK 2013 - OPEN"]
[Site "ul.Reymonta 22 - Krakow"]
[Date "2013.08.15"]
[Round "9.20"]
[White "Sanetra, Szymon"]
[Black "Lis, Mateusz"]
[Result "1/2-1/2"]
[WhiteElo "2010"]
[BlackElo "1725"]
[PlyCount "86"]
[EventDate "2013.??.??"]

1. d4 Nf6 2. c4 g6 3. Nc3 Bg7 4. e4 d6 5. Be2 O-O 6. Nf3 Nbd7 7. Bg5 e5 8. d5
a5 9. Nd2 h6 10. Be3 b6 11. O-O Nc5 12. b3 Ne8 13. a3 f5 14. f3 f4 15. Bf2 g5
16. b4 Nd7 17. Rc1 h5 18. h3 Ndf6 19. c5 Rb8 20. Nc4 axb4 21. axb4 bxc5 22.
bxc5 Bh6 23. Rc2 Kh8 24. Na5 Qd7 25. Nc6 Ra8 26. Na7 Qg7 27. Nxc8 Rxc8 28. Ra2
Rg8 29. Re1 Rd8 30. Ra7 Rd7 31. Kf1 Rf7 32. Nb5 g4 33. hxg4 hxg4 34. cxd6 gxf3
35. Bxf3 cxd6 36. Qa4 Ng4 37. Rxf7 Qxf7 38. Qa7 Qg6 39. Qd7 Nxf2 40. Kxf2 Rg7
41. Qc8 Rg8 42. Qd7 Rg7 43. Qc8 Rg8 1/2-1/2

[Event "MMK 2013 - OPEN"]
[Site "ul.Reymonta 22 - Krakow"]
[Date "2013.08.15"]
[Round "9.21"]
[White "Magan Gonzalez, Alberto"]
[Black "Sanetra, Krzysztof"]
[Result "1-0"]
[WhiteElo "1861"]
[BlackElo "1981"]
[PlyCount "55"]
[EventDate "2013.??.??"]

1. e4 c5 2. Nf3 d6 3. d4 cxd4 4. Nxd4 Nf6 5. Nc3 a6 6. Bg5 Nbd7 7. Bc4 e6 8. f4
Be7 9. Qf3 Rb8 10. O-O-O b5 11. Bxe6 Qb6 12. Bxd7+ Bxd7 13. Bxf6 Bxf6 14. Nd5
Qd8 15. g4 O-O 16. g5 Be7 17. h4 Re8 18. h5 Rc8 19. Rdg1 Rc4 20. Nf5 Bxf5 21.
exf5 Qc8 22. f6 Rxc2+ 23. Kb1 Bd8 24. Re1 Rxe1+ 25. Rxe1 Kf8 26. fxg7+ Kxg7 27.
h6+ Kf8 28. Qe4 1-0

[Event "MMK 2013 - OPEN"]
[Site "ul.Reymonta 22 - Krakow"]
[Date "2013.08.15"]
[Round "9.22"]
[White "Peronczyk, Karol"]
[Black "Oestreicher, Hans-ulrich"]
[Result "1/2-1/2"]
[WhiteElo "1775"]
[BlackElo "2090"]
[PlyCount "73"]
[EventDate "2013.??.??"]

1. e4 c6 2. d4 d5 3. Nc3 dxe4 4. Nxe4 Bf5 5. Ng3 Bg6 6. Nf3 Nd7 7. Bd3 Qc7 8.
b3 e6 9. O-O Bxd3 10. Qxd3 Ngf6 11. c4 Bd6 12. Bb2 O-O 13. Rfe1 Rfd8 14. Rad1
a5 15. Qc2 b5 16. Ne5 Rac8 17. c5 Be7 18. Qe2 Nf8 19. f4 Nd5 20. f5 Re8 21. Qf3
f6 22. Ng4 exf5 23. Nxf5 Ng6 24. h4 Qf4 25. Qh3 Bf8 26. Rxe8 Rxe8 27. h5 Nh8
28. Rf1 Qc7 29. Bc1 Nf7 30. Qh4 Re6 31. Nge3 Qd7 32. Qg4 Kh8 33. Nxd5 Qxd5 34.
Bf4 Re4 35. Kh1 Qe6 36. Qh3 Kg8 37. Be3 1/2-1/2

[Event "MMK 2013 - OPEN"]
[Site "ul.Reymonta 22 - Krakow"]
[Date "2013.08.15"]
[Round "9.24"]
[White "Kromka, Ryszard"]
[Black "Kyrychenko, Maryan"]
[Result "1/2-1/2"]
[WhiteElo "1941"]
[BlackElo "1711"]
[PlyCount "111"]
[EventDate "2013.??.??"]

1. e4 c5 2. Nf3 d6 3. g3 Nc6 4. Bg2 Bg4 5. d3 g6 6. c3 Bg7 7. h3 Bxf3 8. Qxf3
Rc8 9. Nd2 a6 10. a4 e6 11. Nf1 Ne5 12. Qe2 c4 13. dxc4 Nxc4 14. Ne3 Na5 15.
O-O Ne7 16. Rd1 Qc7 17. h4 O-O 18. Qd3 Rfd8 19. Ng4 Nb3 20. Rb1 Nxc1 21. Rbxc1
d5 22. exd5 Nxd5 23. Qf3 Qc4 24. Ne3 Nxe3 25. Qxe3 Rxd1+ 26. Rxd1 Qxa4 27. Rd2
Qb5 28. Bf3 h5 29. Qe4 Rc7 30. Rd8+ Kh7 31. Rb8 Qxb2 32. Rxb7 Qxc3 33. Rxc7
Qxc7 34. Bxh5 Qc5 35. Be2 a5 36. h5 Qd5 37. hxg6+ fxg6 38. Qh4+ Kg8 39. Bc4 Qe5
40. Qg4 Kf7 41. Qf3+ Bf6 42. Qb7+ Be7 43. Qf3+ Qf5 44. Qxf5+ gxf5 45. f4 Bc5+
46. Kg2 Ke7 47. Kf3 Kd6 48. g4 Bd4 49. g5 Bg7 50. Ke3 e5 51. fxe5+ Kxe5 52. Bb3
f4+ 53. Kf3 Kf5 54. g6 Be5 55. Bc2+ Kf6 56. Kg4 1/2-1/2

[Event "MMK 2013 - OPEN"]
[Site "ul.Reymonta 22 - Krakow"]
[Date "2013.08.15"]
[Round "9.25"]
[White "Ruffenach, Alain"]
[Black "Hajduk, Tomasz"]
[Result "1-0"]
[WhiteElo "1934"]
[BlackElo "1631"]
[PlyCount "33"]
[EventDate "2013.??.??"]

1. d4 d5 2. Nf3 Nf6 3. e3 e6 4. Bd3 c5 5. O-O c4 6. Be2 Nc6 7. b3 b5 8. a4 bxa4
9. bxc4 Bb7 10. cxd5 Nxd5 11. Bb5 g5 12. c4 Nf6 13. Bxc6+ Bxc6 14. Ne5 Qc7 15.
Nxc6 Qxc6 16. Qxa4 Qxa4 17. Rxa4 1-0

[Event "MMK 2013 - OPEN"]
[Site "ul.Reymonta 22 - Krakow"]
[Date "2013.08.15"]
[Round "9.26"]
[White "Kolodziej, Krzysztof"]
[Black "Mirski, Michal"]
[Result "0-1"]
[WhiteElo "1647"]
[BlackElo "1864"]
[PlyCount "60"]
[EventDate "2013.??.??"]

1. e4 c5 2. Nf3 d6 3. d4 cxd4 4. Nxd4 Nf6 5. f3 e5 6. Nb3 Be7 7. c4 O-O 8. Be3
Be6 9. Nc3 a6 10. Be2 Nbd7 11. O-O Rc8 12. Nd5 Bxd5 13. cxd5 Nh5 14. Qd2 g6 15.
Na5 Rc7 16. Rfc1 Nf4 17. Bf1 f5 18. Rxc7 Qxc7 19. Rc1 Qb8 20. Bxf4 exf4 21.
Qxf4 Nc5 22. b4 fxe4 23. Qg4 Nd3 24. Qe6+ Kh8 25. Bxd3 Bg5 26. Rd1 Qa7+ 27. Kh1
exd3 28. Qxd6 Re8 29. Qc5 Qxc5 30. bxc5 d2 0-1

[Event "MMK 2013, Krakow"]
[Site "?"]
[Date "2013.08.08"]
[Round "1.1"]
[White "Malinovsky, Karel"]
[Black "Nguyen, Thai Dai Van"]
[Result "1/2-1/2"]
[WhiteElo "2457"]
[BlackElo "2187"]
[PlyCount "93"]
[EventDate "2013.??.??"]

1. e4 e5 2. Nf3 Nf6 3. Nxe5 d6 4. Nf3 Nxe4 5. d4 d5 6. Bd3 Nc6 7. O-O Be7 8.
Re1 Bg4 9. c4 Nf6 10. Nc3 Nxd4 11. cxd5 Nxf3+ 12. gxf3 Bh3 13. Qe2 Kf8 14. Bf4
g5 15. Bg3 h5 16. Qxe7+ Qxe7 17. Rxe7 Kxe7 18. Bxc7 Rhc8 19. d6+ Kf8 20. Be4
Nxe4 21. fxe4 Be6 22. Rc1 Ke8 23. e5 f5 24. exf6 Kf7 25. Ne4 Bf5 26. Nxg5+ Kxf6
27. f4 b6 28. Kf2 Re8 29. h3 Rac8 30. Rc3 Rg8 31. a4 h4 32. b4 Bd7 33. b5 Kf5
34. Rc4 Rce8 35. Rb4 Ref8 36. a5 bxa5 37. Bxa5 Rxg5 38. fxg5 Kxg5+ 39. Kg2 Rb8
40. Rd4 Rxb5 41. Bd8+ Kg6 42. Bxh4 Rb2+ 43. Bf2 a5 44. Rc4 Rd2 45. Rc5 a4 46.
Ra5 Rxd6 47. h4 1/2-1/2

[Event "MMK 2013, Krakow"]
[Site "?"]
[Date "2013.08.08"]
[Round "1.2"]
[White "Abdumalik, Zhansaya"]
[Black "Lewtak, Damian"]
[Result "1/2-1/2"]
[WhiteElo "2265"]
[BlackElo "2265"]
[PlyCount "50"]
[EventDate "2013.??.??"]
[TimeControl "4200+2195"]

1. e4 c5 2. Nf3 Nc6 3. d4 cxd4 4. Nxd4 Nf6 5. Nc3 e5 6. Ndb5 h6 7. Nd5 Nxd5 8.
Qxd5 d6 9. Be3 Be6 10. Qd2 a6 11. Nc3 Be7 12. Be2 Rg8 13. Rg1 Rh8 14. Rh1 {O-O
O-O} Rc8 {Kh1} 15. Bg5 {[%emt 9:30:35] Rad1 Bxe3 fxe3} Qb6 16. b3 Qb4 17. Bd3 {
[%emt 1:16:57] Ne7 Ne2 Qxd2 Rxd2} b5 {Ng3 d5} 18. a4 {dxe4 Bxe4} bxa4 19. bxa4
{Rc4 Ra1} Rb8 {Kg1} 20. a5 {[%emt 2:28:33] Bd3 Rcc8 Ne4} f5 {Nd6 Rd8} 21. Bb5
Bd5 {Nc4} 22. Bc4 Bxc4 {Kf8} 23. Rd1 {Rxd2 Rxd2} g6 {[%emt 15:09:11] Rd6 Rc8
Rf6+ Kg7 Rf7+ Kh8 Be6 Rc7 Kf1 [%clk 0:01:32]} 24. f4 exf4 {[%emt 0:37:04] exf4
c4 Ra7 Bd5 Rc7 Be6 Ra7 c5 Rb7 [%clk 0:01:47]} 25. Kf2 {[%emt 3:06:03] Rb2+ Kf3
Nc6 Rxf4 Rc2} Rf8 {[%emt 0:35:00] Kg7 Rf7+ Kh8 Ke4 Rxc5 Bd5 Nb4 Rf8+ Kg7 [%clk
0:04:18] Rf7+ [%clk 0:01:11] Kh8 [%clk 0:04:43] Be6 [%clk 0:01:17] Nc6 [%clk 0:
04:31] Rf8+ [%clk 0:00:43] Kg7 [%clk 0:04:56] Rf7+ [%clk 0:01:10] Kh8 [%clk 0:
05:20] Rf8+ [%clk 0:00:44] Kg7 [%clk 0:05:44]} 1/2-1/2

[Event "MMK 2013, Krakow"]
[Site "?"]
[Date "2013.08.08"]
[Round "1.3"]
[White "Klekowski, Maciej"]
[Black "Licznerski, Lukasz"]
[Result "1-0"]
[WhiteElo "2357"]
[BlackElo "2332"]
[PlyCount "71"]
[EventDate "2013.??.??"]

1. c4 e5 2. g3 Nf6 3. Bg2 d5 4. Qb3 c6 5. cxd5 cxd5 6. Nc3 Nc6 7. d3 d4 8. Nd5
Nxd5 9. Bxd5 Bb4+ 10. Kf1 Qe7 11. h4 Na5 12. Qd1 Be6 13. Bxe6 Qxe6 14. Nf3 O-O
15. Bd2 Nc6 16. Kg2 Be7 17. Qa4 f5 18. Rac1 Kh8 19. Qc4 Qd7 20. Ng5 Bxg5 21.
hxg5 f4 22. Rh4 Qf5 23. gxf4 Ne7 24. Rch1 h6 25. Qc7 Ng6 26. Rxh6+ Kg8 27. Rxg6
Qxg6 28. fxe5 Rf7 29. Qc4 Rd8 30. f4 Qf5 31. Kf3 g6 32. Rh6 Kg7 33. e4 dxe3 34.
Bc3 Kf8 35. Rh8+ Kg7 36. e6+ 1-0

[Event "MMK 2013, Krakow"]
[Site "?"]
[Date "2013.08.08"]
[Round "1.4"]
[White "Gajek, Radoslaw"]
[Black "Zambor, Norbert"]
[Result "0-1"]
[WhiteElo "2274"]
[BlackElo "2345"]
[PlyCount "78"]
[EventDate "2013.??.??"]

1. e4 c5 2. Nf3 Nc6 3. Nc3 e5 4. Bc4 Be7 5. d3 d6 6. Nd2 Nf6 7. Nf1 a6 8. a4
O-O 9. Ne3 Rb8 10. O-O Nb4 11. b3 Bd7 12. a5 Nc6 13. Ncd5 Nxd5 14. Nxd5 Bg5 15.
Nb6 Bxc1 16. Nxd7 Qxd7 17. Qxc1 Kh8 18. f4 f5 19. fxe5 Nxe5 20. Qf4 Ng6 21. Qg5
f4 22. Rf3 Rbe8 23. Raf1 Re5 24. Qg3 Qd8 25. Qf2 Rf6 26. g3 Rg5 27. Kh1 fxg3
28. hxg3 Rxf3 29. Qxf3 h6 30. Kh2 Kh7 31. Qf7 Ne5 32. Qf8 Ng4+ 33. Kh3 Qxf8 34.
Rxf8 Ne3 35. Kh2 Nxc2 36. Rb8 Nb4 37. Rxb7 d5 38. exd5 Nxd5 39. Bxa6 Ne3 0-1

[Event "MMK 2013, Krakow"]
[Site "?"]
[Date "2013.08.08"]
[Round "1.5"]
[White "Mikrut, Dariusz"]
[Black "Matuszewski, Michal"]
[Result "1-0"]
[WhiteElo "2350"]
[BlackElo "2411"]
[PlyCount "107"]
[EventDate "2013.??.??"]

1. d4 Nf6 2. c4 e6 3. Nf3 b6 4. a3 Ba6 5. Qa4 c6 6. Nc3 d5 7. cxd5 exd5 8. Bg5
Be7 9. g3 O-O 10. Bxf6 Bxf6 11. e3 Bxf1 12. Kxf1 Qd6 13. Kg2 Nd7 14. Qa6 Nb8
15. Qa4 Nd7 16. Qa6 Rfe8 17. Rac1 Nf8 18. Ne2 Ne6 19. b4 Qd7 20. Rc2 Nc7 21.
Qa4 b5 22. Qb3 Ne6 23. Nc1 Ng5 24. Nxg5 Bxg5 25. Qd3 a5 26. Nb3 axb4 27. axb4
Be7 28. Na5 Bxb4 29. Nxc6 Bf8 30. Qxb5 Qf5 31. Re2 Qe4+ 32. f3 Qe6 33. Ne5 Bd6
34. Rd1 h5 35. Qd7 Qf6 36. Nxf7 Bxg3 37. Qxd5 Bc7 38. Nd8+ Kf8 39. Qxa8 Rxd8
40. Qb7 Bd6 41. f4 Qf5 42. Kh1 Re8 43. Rg1 Re7 44. Qa8+ Re8 45. Qf3 h4 46. e4
Qxf4 47. Qg2 Qh6 48. e5 Bc7 49. Rf2+ Kg8 50. Rf6 Qh7 51. Rg6 Re7 52. Qd5+ Kf8
53. Rf1+ Ke8 54. Qc6+ 1-0

[Event "MMK 2013, Krakow"]
[Site "?"]
[Date "2013.08.09"]
[Round "2.1"]
[White "Nguyen, Thai Dai Van"]
[Black "Matuszewski, Michal"]
[Result "0-1"]
[WhiteElo "2187"]
[BlackElo "2411"]
[PlyCount "88"]
[EventDate "2013.??.??"]

1. e4 c5 2. Nf3 d6 3. d4 cxd4 4. Nxd4 Nf6 5. Nc3 a6 6. Be2 e5 7. Nb3 Be7 8. O-O
O-O 9. Kh1 b6 10. f4 Bb7 11. Bf3 Nbd7 12. Qe1 Rc8 13. f5 b5 14. a3 a5 15. Bg5
b4 16. axb4 axb4 17. Nd1 d5 18. exd5 e4 19. Be2 Nxd5 20. Bxe7 Qxe7 21. Ra7 Rc7
22. Na5 N7f6 23. Rxb7 Rxb7 24. Nxb7 Qxb7 25. Bc4 Rd8 26. Ne3 Nxe3 27. Qxe3 Qc7
28. Qe2 Qe5 29. Rd1 Rxd1+ 30. Qxd1 h5 31. Qd8+ Kh7 32. Bxf7 Qxf5 33. Bc4 Qe5
34. h3 Qxb2 35. Qa5 Kg6 36. Be6 Qc1+ 37. Kh2 Qf4+ 38. Kh1 Qf1+ 39. Kh2 e3 40.
Qe5 e2 41. Qg3+ Kh6 42. Qe3+ g5 43. Qc5 Qf4+ 44. g3 Qxg3+ 0-1

[Event "MMK 2013, Krakow"]
[Site "?"]
[Date "2013.08.09"]
[Round "2.2"]
[White "Zambor, Norbert"]
[Black "Mikrut, Dariusz"]
[Result "1/2-1/2"]
[WhiteElo "2345"]
[BlackElo "2350"]
[PlyCount "75"]
[EventDate "2013.??.??"]

1. e4 c5 2. Nf3 d6 3. Bb5+ Bd7 4. a4 Nf6 5. Qe2 Nc6 6. O-O a6 7. Bc4 Bg4 8. c3
e6 9. d3 Ne5 10. Nbd2 Nxc4 11. Nxc4 Be7 12. Bg5 h6 13. Bxf6 Bxf6 14. a5 O-O 15.
Nb6 Rb8 16. h3 Bh5 17. g4 Bg6 18. Nd2 d5 19. f4 Be7 20. f5 Bh7 21. exd5 exd5
22. Qf3 Bg5 23. Nb3 c4 24. Nc5 Re8 25. Rae1 Qd6 26. d4 Red8 27. Re5 Qc6 28.
Rfe1 g6 29. fxg6 Bxg6 30. Nxd5 Kg7 31. Rf1 Re8 32. Rxe8 Rxe8 33. Nf4 Bxf4 34.
Qxf4 Re2 35. Rf2 Re1+ 36. Rf1 Re2 37. Rf2 Re1+ 38. Kh2 1/2-1/2

[Event "MMK 2013, Krakow"]
[Site "?"]
[Date "2013.08.09"]
[Round "2.3"]
[White "Licznerski, Lukasz"]
[Black "Gajek, Radoslaw"]
[Result "1-0"]
[WhiteElo "2332"]
[BlackElo "2274"]
[PlyCount "81"]
[EventDate "2013.??.??"]

1. e4 c5 2. Nf3 d6 3. d4 cxd4 4. Nxd4 Nf6 5. Nc3 a6 6. Be2 e6 7. O-O Be7 8. f4
Nc6 9. Be3 O-O 10. Qe1 Nxd4 11. Bxd4 b5 12. a3 Bb7 13. Qg3 g6 14. Bd3 a5 15. b4
axb4 16. axb4 d5 17. e5 Ne4 18. Qe3 Bxb4 19. Nxe4 dxe4 20. Bxb5 Qc7 21. c3 Be7
22. Bb6 Qc8 23. Rfd1 Rxa1 24. Rxa1 f5 25. exf6 Bxf6 26. Bd4 Bxd4 27. Qxd4 Rd8
28. Qb6 Rd2 29. Qe3 Qd8 30. Be2 Rc2 31. Rd1 Qa5 32. c4 Bc6 33. Bf1 Kf7 34. Qd4
Qa8 35. Qb6 Ra2 36. Qc7+ Ke8 37. Rd6 e3 38. Rxc6 e2 39. Rxe6+ Kf8 40. Qe7+ Kg8
41. Rxe2 1-0

[Event "MMK 2013, Krakow"]
[Site "?"]
[Date "2013.08.09"]
[Round "2.4"]
[White "Lewtak, Damian"]
[Black "Klekowski, Maciej"]
[Result "1/2-1/2"]
[WhiteElo "2265"]
[BlackElo "2357"]
[PlyCount "57"]
[EventDate "2013.??.??"]

1. e4 c5 2. Nf3 Nc6 3. Bb5 g6 4. c3 Bg7 5. O-O Nf6 6. Qe2 O-O 7. Bxc6 dxc6 8.
d4 cxd4 9. cxd4 Bg4 10. Rd1 e5 11. dxe5 Nd7 12. Nc3 Qe8 13. h3 Bxf3 14. Qxf3
Nxe5 15. Qe2 Qe6 16. Be3 Rfd8 17. Rxd8+ Rxd8 18. Rd1 Rxd1+ 19. Qxd1 Nd7 20.
Bxa7 Bxc3 21. bxc3 Qxa2 22. Qxd7 Qa1+ 23. Kh2 Qxa7 24. Qe8+ Kg7 25. Qe5+ Kg8
26. f3 Qa8 27. f4 Qd8 28. f5 Qg5 29. Kh1 1/2-1/2

[Event "MMK 2013, Krakow"]
[Site "?"]
[Date "2013.08.09"]
[Round "2.5"]
[White "Malinovsky, Karel"]
[Black "Matuszewski, Michal"]
[Result "0-1"]
[WhiteElo "2457"]
[BlackElo "2411"]
[PlyCount "68"]
[EventDate "2013.??.??"]

1. e4 c5 2. Nf3 e6 3. d4 cxd4 4. Nxd4 a6 5. c4 Nf6 6. Nc3 Qc7 7. a3 d6 8. g3
Be7 9. Be3 b6 10. Bg2 Bb7 11. Rc1 Nbd7 12. O-O O-O 13. Qe2 Rac8 14. f4 Rfe8 15.
f5 Qxc4 16. Qd2 e5 17. Nd5 Qa4 18. b3 Qxa3 19. Ra1 Qc5 20. b4 Qc4 21. Rfc1 Nxd5
22. Rxc4 Rxc4 23. exd5 exd4 24. Bxd4 Bg5 25. Qxg5 Rxd4 26. Qc1 Ne5 27. Qb2 Rd3
28. Qa2 b5 29. Rc1 Nc4 30. Bf1 Rd2 31. Qa1 Bxd5 32. Qxa6 Ne5 33. Rc3 Bc4 34.
Re3 Rd1 0-1

[Event "MMK 2013, Krakow"]
[Site "?"]
[Date "2013.08.10"]
[Round "3.1"]
[White "Abdumalik, Zhansaya"]
[Black "Nguyen, Thai Dai Van"]
[Result "1-0"]
[WhiteElo "2265"]
[BlackElo "2187"]
[PlyCount "61"]
[EventDate "2013.??.??"]

1. e4 e6 2. d4 d5 3. Nd2 Nf6 4. e5 Nfd7 5. Bd3 c5 6. c3 Nc6 7. Ne2 cxd4 8. cxd4
f6 9. exf6 Qxf6 10. Nf3 h6 11. O-O Bd6 12. Ng3 O-O 13. Bc2 Rf7 14. Nh5 Qe7 15.
Re1 Rxf3 16. gxf3 Qh4 17. f4 Nxd4 18. Qxd4 Qxh5 19. Qd3 Nf6 20. Qg3 Kf7 21. Kh1
g5 22. Bd1 g4 23. f3 gxf3 24. Bxf3 Qg6 25. Qh4 Qd3 26. Qh3 Ne4 27. Qh5+ Ke7 28.
Bxe4 dxe4 29. Be3 Bd7 30. Rad1 Qb5 31. Qh4+ 1-0

[Event "MMK 2013, Krakow"]
[Site "?"]
[Date "2013.08.10"]
[Round "3.2"]
[White "Klekowski, Maciej"]
[Black "Malinovsky, Karel"]
[Result "1/2-1/2"]
[WhiteElo "2357"]
[BlackElo "2457"]
[PlyCount "132"]
[EventDate "2013.??.??"]

1. c4 e6 2. Nc3 d5 3. d4 c5 4. cxd5 exd5 5. Nf3 Nc6 6. e3 Nf6 7. Be2 Be7 8. O-O
O-O 9. b3 Bg4 10. dxc5 Bxc5 11. Bb2 a6 12. h3 Bh5 13. Na4 Ba7 14. Ne5 Bxe2 15.
Qxe2 Qd6 16. Nxc6 bxc6 17. Rac1 Ne4 18. Rc2 Rfe8 19. Qg4 f6 20. Nc3 Ng5 21. Rd1
Rab8 22. Qa4 Rbc8 23. h4 Nf7 24. Qxa6 Bb8 25. Nxd5 Red8 26. Nxf6+ Qxf6 27. Qxc8
Rxc8 28. Bxf6 gxf6 29. Rdc1 Nd8 30. b4 Bd6 31. a3 Ra8 32. Rd1 Be7 33. Rd7 Kf8
34. Rd3 Ke8 35. f4 f5 36. g3 Ra6 37. Kg2 Ne6 38. Kf3 Nc7 39. g4 fxg4+ 40. Kxg4
Nb5 41. a4 Nd6 42. Rd4 Rxa4 43. Rxc6 Kd7 44. Rc2 Bf6 45. Rd5 Rxb4 46. Rcd2 Be7
47. Rh5 Rb3 48. e4 Ke8 49. e5 Nc4 50. Re2 Ne3+ 51. Rxe3 Rxe3 52. Rxh7 Ba3 53.
Kf5 Rf3 54. Ra7 Be7 55. h5 Bc5 56. Rb7 Be3 57. Ke6 Kf8 58. f5 Bh6 59. Rb8+ Kg7
60. f6+ Kh7 61. Rb7+ Kg8 62. Rb8+ Kh7 63. Rb4 Bg5 64. f7 Bh6 65. Rg4 Bg7 66.
Rb4 Bxe5 1/2-1/2

[Event "MMK 2013, Krakow"]
[Site "?"]
[Date "2013.08.10"]
[Round "3.3"]
[White "Gajek, Radoslaw"]
[Black "Lewtak, Damian"]
[Result "1/2-1/2"]
[WhiteElo "2274"]
[BlackElo "2265"]
[PlyCount "190"]
[EventDate "2013.??.??"]

1. e4 c5 2. Nf3 Nc6 3. d4 cxd4 4. Nxd4 Nf6 5. Nc3 e5 6. Ndb5 h6 7. Be3 d6 8. a4
a6 9. Na3 Be7 10. Nc4 Be6 11. Nd5 Rb8 12. Nxf6+ gxf6 13. Nb6 f5 14. exf5 Bxf5
15. Bc4 Bg5 16. O-O Bg6 17. Nd5 O-O 18. f4 exf4 19. Bxf4 Ne5 20. Bb3 Rc8 21.
Qd2 Bxf4 22. Rxf4 Kg7 23. h4 Rc5 24. Raf1 Qa5 25. c3 Bd3 26. Rf6 Rxd5 27. Qxh6+
Kg8 28. Qg5+ Bg6 29. Bxd5 Qxd5 30. Qg3 Qc5+ 31. Kh1 Kg7 32. b4 Qd5 33. h5 Qd3
34. h6+ Kxh6 35. Qxd3 Nxd3 36. Rxd6 Kg7 37. Rd7 b5 38. axb5 axb5 39. Rd5 Rc8
40. Rxb5 Rxc3 41. Rb7 Rb3 42. b5 Rb2 43. b6 Nc5 44. Rc7 Ne6 45. Rb7 Nc5 46. Rc7
Ne6 47. Rb7 Ng5 48. Rf4 Be4 49. Rbxf7+ Nxf7 50. Rxe4 Rxb6 51. Kh2 Ng5 52. Rc4
Rb3 53. Rc6 Ne4 54. Re6 Nf6 55. Re7+ Kg6 56. g3 Nh5 57. Re8 Kf7 58. Rh8 Nxg3
59. Rh3 Nf1+ 60. Kg2 Ne3+ 61. Kf2 Ng4+ 62. Kg2 Rb5 63. Kg3 Nf6 64. Kf4 Nh5+ 65.
Ke4 Ke6 66. Kd4 Rd5+ 67. Kc4 Nf4 68. Rh4 Ng6 69. Rh6 Rg5 70. Kd4 Kf5 71. Rh1
Rg4+ 72. Kd5 Nf4+ 73. Kd6 Rg6+ 74. Kc5 Ra6 75. Kb5 Rd6 76. Kc5 Rd8 77. Rh7 Ke5
78. Re7+ Ne6+ 79. Kc4 Rd4+ 80. Kc3 Rh4 81. Kd3 Kd6 82. Ra7 Nc5+ 83. Ke3 Kd5 84.
Rg7 Rh3+ 85. Ke2 Ne6 86. Rg4 Nd4+ 87. Kf2 Ra3 88. Rg5+ Ke4 89. Rg4+ Ke5 90. Rg8
Ra2+ 91. Ke3 Ra3+ 92. Kf2 Ne6 93. Re8 Kd5 94. Rh8 Ke4 95. Re8 Ke5 1/2-1/2

[Event "MMK 2013, Krakow"]
[Site "?"]
[Date "2013.08.10"]
[Round "3.4"]
[White "Mikrut, Dariusz"]
[Black "Licznerski, Lukasz"]
[Result "0-1"]
[WhiteElo "2350"]
[BlackElo "2332"]
[PlyCount "64"]
[EventDate "2013.??.??"]

1. d4 Nf6 2. c4 g6 3. Nc3 d5 4. cxd5 Nxd5 5. e4 Nxc3 6. bxc3 Bg7 7. Bc4 O-O 8.
Ne2 c5 9. O-O Qc7 10. Bf4 e5 11. dxe5 Bxe5 12. Bxe5 Qxe5 13. Bd5 Nd7 14. f4 Qe7
15. c4 Nb6 16. Ng3 Be6 17. Qc2 Bxd5 18. cxd5 c4 19. Rad1 Rad8 20. Kh1 Rfe8 21.
Rf3 h5 22. f5 Rd6 23. Rdf1 h4 24. f6 Qe5 25. Qc1 Nd7 26. Rf5 Qd4 27. Nh5 Kh7
28. Rd1 Qxe4 29. Rf4 Qe3 30. Rxh4 Qxc1 31. Nf4+ Kg8 32. Rxc1 Nxf6 0-1

[Event "MMK 2013, Krakow"]
[Site "?"]
[Date "2013.08.11"]
[Round "4.1"]
[White "Nguyen, Thai Dai Van"]
[Black "Zambor, Norbert"]
[Result "1-0"]
[WhiteElo "2187"]
[BlackElo "2345"]
[PlyCount "82"]
[EventDate "2013.??.??"]

1. e4 c5 2. Nf3 Nc6 3. d4 cxd4 4. Nxd4 e5 5. Nb5 d6 6. N1c3 a6 7. Na3 Be7 8.
Nc4 Nf6 9. Ne3 O-O 10. g3 b5 11. Bg2 Bb7 12. Ncd5 Nxd5 13. Nxd5 Bg5 14. O-O
Bxc1 15. Qxc1 Ne7 16. Ne3 Qb6 17. c3 Rad8 18. Qd2 Bc8 19. a4 Be6 20. axb5 axb5
21. Rfd1 Bb3 22. Re1 Be6 23. Red1 g6 24. b4 Kg7 25. Ra5 Nc6 26. Ra3 Rd7 27.
Rda1 Rc8 28. Nf5+ Bxf5 29. exf5 d5 30. Bh3 Qd8 31. fxg6 hxg6 32. Bxd7 Qxd7 33.
Qd3 Rb8 34. Ra6 e4 35. Qe3 Ne5 36. Qd4 Re8 37. Ra8 Kh7 38. Kg2 Nf3 39. Qf6 Ne1+
40. Kh1 Nd3 41. R1a7 Qh3 1-0